| 000 | 00950nam a2200301 a 4500 | ||
|---|---|---|---|
| 001 | 51594 | ||
| 003 | BD-RjUL | ||
| 005 | 20211209075702.0 | ||
| 008 | 160931s1987 enka b 001 0 eng d | ||
| 020 | _a0198532555 | ||
| 020 | _a0198532563 hard | ||
| 035 | _a(BD-RjUL) 51714 | ||
| 040 |
_aBD-RjUL _beng _cBD-RjUL |
||
| 041 | _aeng | ||
| 082 |
_223 _a519.57 _bSTC 1987 |
||
| 100 | 1 |
_aStreet, Anne Penfold. _9154222 |
|
| 245 | 1 | 0 |
_aCombinatorics of experimental design / _cAnne Penfold Street ; Deborah J. Street |
| 260 |
_aOxford : _bOxford University Press, _c1987 |
||
| 300 |
_axiv, 400 p : _bill ; _c24 cm |
||
| 490 | 1 | _aOxford science publications | |
| 500 | _aIncludes index | ||
| 504 | _aBibliography: p. [376]-391 | ||
| 650 | 0 |
_aExperimental design _9154223 |
|
| 650 | 0 |
_aCombinatorial designs and configurations _9154224 |
|
| 700 | 1 |
_aStreet, Deborah J. _9154225 |
|
| 830 | 0 |
_aOxford science publications. _9151499 |
|
| 942 |
_2ddc _cBK |
||
| 999 |
_c51594 _d51594 |
||